| 000 | 00627nam a2200205Ia 4500 | ||
|---|---|---|---|
| 001 | 263 | ||
| 003 | GE_BSU | ||
| 008 | 181216s||||||||xx |||||||||||||| ||und|| | ||
| 040 | _cGE_BSU | ||
| 080 | _a615.89(031) | ||
| 100 | _aქვათაძე, ვ.ლ. | ||
| 245 | _aხალხური მედიცინის ენციკლოპედია | ||
| 245 | _cრედ.ნ.სახვაძე | ||
| 260 | _aთბილისი | ||
| 260 | _c207 | ||
| 300 | _a224გვ. | ||
| 541 | _h35ლ. | ||
| 653 | _aხალხური მედიცინის ენციკლოპედია | ||
| 942 | _cBK | ||
| 999 |
_c34513 _d34513 |
||